Statistics for Largest Islands in the Caribbean

Click here to take the quiz!

General Stats

  • This quiz has been taken 120 times
  • The average score is 6 of 10

Answer Stats

Area (Sq. Km.)Area (Sq. Mi)Answer% Correct
106,00041,000Cuba
100%
11,0004,000Jamaica
95%
5,0002,000Trinidad and Tobago
87%
74,00029,000Hispaniola
85%
9,0004,000Puerto Rico
72%
800300Dominica
66%
1,000500Martinique
32%
2,0001,000Isla du ve Juventud
10%
1,000400Isla Margarita
9%
900300Basse-Terre
4%

Score Distribution

Percentile by Number Answered

Percent of People with Each Score

Your Score History

You have not taken this quiz